000
00335nam a2200145Ia 4500
008
230718s9999 xx 000 0 und d
041
_a
Eng.
082
_a
345
_b
LOV-F
100
_a
Loveland, ian
245
0
_a
Frontiess of Cioninality
260
_a
Pakistan
_b
Sweet and Moudle
_c
1995
300
_a
257
650
_a
Law
999
_c
28430
_d
28430